disney channel original movies - Statistiques

Statistiques générales
  • Ce quiz a été pris 1 879 fois
    1 864 depuis la dernière actualisation
  • Le résultat moyen est 18 sur 52
Statistiques - réponses
Hint Réponse % Correct
2006 High School musical
83%
2008 Camp Rock
81%
Descendants
74%
High School musical 2
73%
High school musical 3
71%
Camp Rock 2
68%
2013 Teen Beach movie
67%
2017 Descendants 2
66%
Descendants 3
64%
lemonade mouth
59%
Teen Beach movie 2
54%
les sorciers de Waverly Place, le film
53%
2018 Zombie
52%
Les Cheetah girls
46%
2014 Cloud 9
43%
2010 starstruck
43%
Zapped
42%
2011 Zack et Cody, le film
41%
2020 Zombie 2
41%
Let it shine
40%
16 voeux
38%
Bonne chance Charlie, le film
37%
le geek charmant
37%
2022 Zombie 3
35%
2012 Amiennemies
29%
2016 Babysitting night
29%
Apellez-moi DJ Rebel
26%
Avalon high
26%
Cheetah girls 2
26%
2015 Ma pire journée
26%
Le garçon idéal
24%
Ma soeur est invisible !
24%
Freaky friday
23%
2007 Jump in!
22%
Wendy Wu
22%
princess protection programm
21%
2019 Kim possible
20%
La fabuleuse aventure de Sharpay
17%
Skylar Lewis: chasseuse de monstres
16%
Les soeurs Callum
15%
Le swap
15%
Phinéas et Ferb, le film
15%
des amours de soeurcières
13%
L'école de la magie
9%
le journal de Jaimie
9%
2009 Un costume pour deux
9%
Le secret de la momie
7%
Encore Noël ?!
6%
Harriet l'espionne
6%
Le secret de la momie 2
4%
2021 Spin: pour l'amour de la musique
4%
Droit au but
2%
Aucun quiz correspondant
Distribution des résultats
% des personnes avec chaque résultat
Percentile par nombre de réponses
Votre historique - résultats
Vous n’avez pas pris ce quiz depuis la dernière actualisation